000 00696nam a2200217 a 4500
005 20250109063814.0
008 160209s2013 mx r 000 0 spa d
020 _a9789870605492
035 _aUPN01000208057
049 _aCG
050 4 _aLB2805
_bB5.4
100 1 _aBlejmar, Bernardo
_938338
245 1 3 _aEl lado subjetivo de la gestión :
_bdel actor que está haciendo al sujeto que está siendo /
_cBernardo Blejmar.
260 _aBuenos Aires :
_bAique,
_c2013.
300 _a131 p.
440 0 _aAique educación.
_pNueva carrera docente
650 4 _aEscuelas
_xDirección y organización
_9346
650 4 _aEducación
_xAdministración
_9685
905 _aLibro
999 _c180158
_d180158